Educación Matemática 2º Básico: texto para el estudiante

Sparad:
Bibliografiska uppgifter
Huvudupphovsmän: Balmaceda Riera, Carmen (Författare, medförfattare), Frías Barea, Mónica (Författare, medförfattare), Frías Barea, Patricia (Författare, medförfattare)
Materialtyp: Bok
Språk:spanska
Publicerad: Santiago Zig-Zag 2002
Upplaga:2a. ed
Ämnen:
Taggar: Lägg till en tagg
Inga taggar, Lägg till första taggen!

MARC

LEADER 00000nam a2200000 a 4500
001 UCI7854
003 CL-VaPUC
008 080725e20020000CL |||||||||||||||||spa|d
020 |a 9561214385 
082 0 4 |a 372.7  |b BAL  |2 21 
100 0 |a Balmaceda Riera, Carmen  |e author  |9 531207 
700 0 |a Frías Barea, Mónica  |e author  |9 531208 
700 0 |a Frías Barea, Patricia  |e author  |9 531209 
245 1 0 |a Educación Matemática 2º Básico: texto para el estudiante 
250 |a 2a. ed 
300 |a 175 p 
942 |c BK 
945 |d 20080725 00:00:00  |a jtorresc 
260 |a Santiago  |b Zig-Zag  |c 2002 
650 0 |a Matemática  |9 260235 
650 0 |a Educación básica   |9 224933 
650 0 |a Matemáticas  |x Enseñanza  |9 875527 
650 7 |a METODOD DE ENSEÑANZA  |2 CL-VaPUC  |9 531211 
650 0 |a Libros de texto  |9 270019 
583 |a last modification  |c 20190725 03:50:32  |k Rodrigo Vera 
999 |c 330983  |d 330981 
952 |0 0  |1 0  |4 0  |6 372_700000000000000_BAL_2002  |7 0  |8 P  |9 417026  |a BIBEDU  |b BIBEDU  |c BIBEDU_PB  |d 2019-11-22  |i 446334K  |o 372.7 BAL 2002  |p 446334K  |r 2024-01-25  |w 2019-11-22  |y BK  |k EDU